Gares sur la ligne de Marseille à Cannes - Statistiques

Statistiques générales
  • Ce quiz a été pris 54 fois
  • Le résultat moyen est 15 sur 37
Statistiques - réponses
Département Gare % Correct
(83) Toulon
88%
Alpes-Maritimes (06) Cannes
86%
(83) Fréjus
78%
Bouches-du-Rhône (13) Marseille-Saint-Charles
76%
(83) Les Arcs - Draguignan
68%
(83) La Pauline - Hyères
64%
(06) Cannes-la-Bocca
60%
(13) Aubagne
58%
(06) Mandelieu-la-Napoule
58%
Bouches-du-Rhône (13) La Ciotat - Ceyreste
56%
Alpes-Maritimes (06) Théoule-sur-Mer
56%
(13) Cassis
54%
(83) Saint-Raphaël-Valescure
52%
(83) La Seyne - Six-Fours
48%
(13) Marseille-Blancarde
42%
(83) Ollioules - Sanary
42%
(83) La Garde
40%
Var (83) Saint-Cyr - Les Lecques - La Cadière
38%
(83) Bandol
36%
(83) Agay
28%
Var (83) Le Trayas
28%
(13) La Pomme
26%
(13) La Penne-sur-Huveaune
24%
(83) Toulon-Sainte-Musse
24%
(83) Vidauban
24%
(83) Carnoules
22%
(83) Anthéor-Cap-Roux
20%
(83) Boulouris-sur-Mer
20%
(83) Cuers - Pierrefeu
20%
(83) Le Dramont
20%
(83) Pignans
20%
(83) Puget-Ville
20%
(13) Saint-Marcel
20%
(83) Solliès-Pont
20%
(83) Gonfaron
18%
(13) La Barasse
18%
(83) Le Luc-et-Le Cannet
14%
Aucun quiz correspondant
Distribution des résultats
% des personnes avec chaque résultat
Percentile par nombre de réponses
Votre historique - résultats
Vous n’avez pas pris ce quiz